<?xml version="1.0" encoding="UTF-8"?>
<marc:record xmlns:marc="http://www.loc.gov/MARC21/slim">
   <marc:leader>00000nam a2200000 a 4500</marc:leader>
   <marc:datafield ind1="1" ind2=" " tag="100">
      <marc:subfield code="a">Geißler, Lutz</marc:subfield>
      <marc:subfield code="4">aut</marc:subfield>
      <marc:subfield code="e">Verfasser/-in</marc:subfield>
   </marc:datafield>
   <marc:datafield ind1=" " ind2=" " tag="653">
      <marc:subfield code="a">Kochbuch</marc:subfield>
   </marc:datafield>
   <marc:datafield ind1="0" ind2="0" tag="245">
      <marc:subfield code="a">Brotbackbuch Nr. 1</marc:subfield>
   </marc:datafield>
   <marc:datafield ind1="0" ind2="0" tag="245">
      <marc:subfield code="b">Grundlagen &amp; Rezepte für ursprüngliches Brot</marc:subfield>
   </marc:datafield>
   <marc:datafield ind1="0" ind2="0" tag="245">
      <marc:subfield code="c">Lutz Geißler, Björn Hollensteiner</marc:subfield>
   </marc:datafield>
   <marc:datafield ind1=" " ind2="1" tag="264">
      <marc:subfield code="a">Stuttgart (Hohenheim)</marc:subfield>
      <marc:subfield code="b">Ulmer</marc:subfield>
      <marc:subfield code="c">2015</marc:subfield>
   </marc:datafield>
   <marc:datafield ind1="1" ind2=" " tag="520">
      <marc:subfield code="a">Angaben aus der Verlagsmeldung

Das Brotbackbuch Nr. 1 : Grundlagen und Rezepte für ursprüngliches Brot / von Lutz Geißler

Ursprüngliches Brot backen und genießen
- Deutschlands erfolgreichster Brot-Blogger verrät das Geheimnis seiner Brotbackkunst
- Über 40 Rezepte für unverfälschtes Aroma und hohe Qualität
- Mit allen Grundlageninfos zu Brot und Teig
Uriges Landbrot, saftiges Kartoffelbrot, knusprige Buttermilchkruste – backen Sie sich hocharomatische Brote und Brötchen doch einfach selbst. In diesem Buch finden Sie nicht nur über 40 ausgewogene und alltagstaugliche Rezepte, sondern auch umfangreiche Tipps und Hintergrundinfos – vom Teigkneten bis zum fertigen Brot. Das Basiswissen weiht Sie ein in die Geheimnisse traditioneller Brotbackkunst mit langer Teigführung und sehr wenig Hefe. Die Rezeptbeschreibungen sind ausführlich, praxisorientiert und leicht nachzubacken.
Mehr erfahren Sie unter http://www.brotbackbuch.de.
</marc:subfield>
   </marc:datafield>
   <marc:datafield ind1=" " ind2=" " tag="020">
      <marc:subfield code="a">9783800182770</marc:subfield>
      <marc:subfield code="9">9783800182770</marc:subfield>
   </marc:datafield>
   <marc:datafield ind1=" " ind2=" " tag="041">
      <marc:subfield code="a">ger</marc:subfield>
   </marc:datafield>
   <marc:datafield ind1=" " ind2=" " tag="300">
      <marc:subfield code="a">270 S.</marc:subfield>
   </marc:datafield>
</marc:record>
